Normale Ansicht MARC-Ansicht ISBD

Kindesmisshandlung in der DDR : (Titelsatznr. 6340)

[ MARC ]
MARC-Details
000 -Satzkennung
Kontrollfeld mit fester Länge 00648nam a22002051c 4500
001 - Kontrollnummer
Kontrollfeld ht013358353
008 - Feld mit fester Länge zur physischen Beschreibung - Allgemeine Angaben
Kontrollfeld mit fester Länge 070125s2002 gw |||| 000u ger d
020 ## - Internationale Standardbuchnummer
Internationale Standardbuchnummer 3825859746
Verknüpfung 3-8258-5974-6
041 ## - Sprachcode
Sprachcode des Textes/der Tonspur oder des separaten Titels ger
040 ## - Katalogisierungsquelle
Übertragungsstelle RU-10907106
003 - Kontrollnummer Identifier
Kontrollfeld RU-10907106
100 1# - Haupteintragung - Personenname
Personenname Gries, Sabine
245 00 - Titel
Titel Kindesmisshandlung in der DDR :
Zusatz zum Titel Kinder unter dem Einfluss traditionell-autoritärer und totalitärer Erziehungsleitbilder /
Verfasserangabe etc. Sabine Gries
264 ## - Produktion, Veröffentlichung, Distribution, Herstellung und Urheberrechtsvermerk
Herstellungs-, Veröffentlichungs- Vertriebs-, Erzeugungsort Münster [u.a.] :
Produzent, Herausgeber, Distributor, Hersteller Lit,
Datum der Herstellung, der Veröffentlichung, des Vertriebs oder des Urheberschutzvermerks 2002
300 ## - Physische Beschreibung
Umfang 383 S.
490 #0 - Gesamttitelangabe
Gesamttitelangabe Studien zur DDR-Gesellschaft
Bandnummer/Folgebezeichnung 9
502 ## - Dissertationsvermerk
Dissertationsvermerk Zugl.: Bochum, Univ., Diss., 2001
655 #0 - Indexierungsterm - Genre/Form
Genre/Form oder fokussierter Term Hochschulschrift
942 ## - Zusätzliche Felder (Koha)
Koha-Medientyp Monographien
Exemplare
Ausgeschieden Verloren Klassifikation oder Aufstellungssystematik Beschädigt Nicht entleihbar Heimatbibliothek Aufenthaltsbibliothek Aufstellungsort Erwerbungsdatum Inventarnummer Signatur Barcode Letzte Aktivität Preis gültig von Koha-Medientyp
    Andere/Generische Klassifikation     MWN Osteuropa MWN Osteuropa Lesesaal - 1 25/01/2007 07-01628 D 54 k Gri E0040150790838B1 22/02/2021 22/03/2021 Monographien